Best Loved Poems (Record no. 942)

MARC details
000 -LEADER
fixed length control field 00280nam a2200109 4500
008 - FIXED-LENGTH DATA ELEMENTS--GENERAL INFORMATION
fixed length control field 160625b xxu||||| |||| 00| 0 eng d
100 ## - MAIN ENTRY--PERSONAL NAME
9 (RLIN) 1160
Personal name Hamlin, P
245 ## - TITLE STATEMENT
Title Best Loved Poems
260 ## - PUBLICATION, DISTRIBUTION, ETC. (IMPRINT)
Place of publication, distribution, etc. Chicago
Name of publisher, distributor, etc. People Book Club
Date of publication, distribution, etc. MCMXLIX
300 ## - PHYSICAL DESCRIPTION
Extent Best Loved Poems
942 ## - ADDED ENTRY ELEMENTS (KOHA)
Source of classification or shelving scheme Dewey Decimal Classification
Koha item type BOOK
Holdings
Withdrawn status Lost status Source of classification or shelving scheme Damaged status Not for loan Home library Current library Shelving location Date acquired Total Checkouts Full call number Barcode Date last seen Price effective from Koha item type
    Dewey Decimal Classification     Good Samaritan School Library Good Samaritan School Library   06/25/2016   821 HAM1482 06/25/2016 06/25/2016 BOOK

Powered by Koha